ලංකා යෝනක වංශ කථාව : (Record no. 4375)
[ view plain ]
| 000 -LEADER | |
|---|---|
| fixed length control field | 00780nam a2200193 4500 |
| 003 - CONTROL NUMBER IDENTIFIER | |
| control field | LK-CoMWRAF |
| 005 - DATE AND TIME OF LATEST TRANSACTION | |
| control field | 20231212234713.0 |
| 008 - FIXED-LENGTH DATA ELEMENTS--GENERAL INFORMATION | |
| fixed length control field | 231212b |||||||| |||| 00| 0 eng d |
| 040 ## - CATALOGING SOURCE | |
| Original cataloging agency | LK-CoMWRAF |
| Modifying agency | LK-CoMWRAF |
| Description conventions | LK-CoMWRAF |
| 041 ## - LANGUAGE CODE | |
| Language code of text/sound track or separate title | Sinhala; Sinhalese |
| 082 ## - DEWEY DECIMAL CLASSIFICATION NUMBER | |
| Classification number | 297.6 |
| Item number | ASI |
| 942 ## - ADDED ENTRY ELEMENTS (KOHA) | |
| Koha item type | Books |
| 100 ## - MAIN ENTRY--PERSONAL NAME | |
| Personal name | අසීස්. අබ්දුල් අයි. එල්. එම්. |
| 700 ## - ADDED ENTRY--PERSONAL NAME | |
| Personal name | අල්විස්. ප්රේමචන්ද්ර |
| Relator Term | translator |
| 245 ## - TITLE STATEMENT | |
| Title | ලංකා යෝනක වංශ කථාව : |
| Remainder of title | (විවේචනයක්) |
| 246 ## - VARYING FORM OF TITLE | |
| Title proper/short title | Lanka yoonaka wansha kathawa |
| 260 ## - PUBLICATION, DISTRIBUTION, ETC. (IMPRINT) | |
| Place of publication, distribution, etc. | කොළඹ : |
| Name of publisher, distributor, etc. | යෝනක ඉස්ලාමීය සංස්කෘතික නිකේතනය, |
| 650 ## - SUBJECT ADDED ENTRY--TOPICAL TERM | |
| Topical term or geographic name as entry element | ලංකා යෝනක වංශ කථාව |
| Withdrawn status | Lost status | Damaged status | Not for loan | Permanent Location | Current Location | Date acquired | Full call number | Barcode | Koha item type |
|---|---|---|---|---|---|---|---|---|---|
| Resource center, Muslim Women's Research And Action Forum | Resource center, Muslim Women's Research And Action Forum | 2023-12-12 | 297.6 ASI | RAF3429 | Books | ||||
| Resource center, Muslim Women's Research And Action Forum | Resource center, Muslim Women's Research And Action Forum | 2023-12-12 | 297.6 ASI | RAF3430 | Books | ||||
| Resource center, Muslim Women's Research And Action Forum | Resource center, Muslim Women's Research And Action Forum | 2023-12-12 | 297.6 ASI | RAF3431 | Books |

